LEADER 01040nam 2200301Ia 450 001 996397459603316 005 20200824132749.0 035 $a(CKB)4940000000064214 035 $a(EEBO)2264206955 035 $a(OCoLC)ocm9594170e 035 $a(OCoLC)9594170 035 $a(EXLCZ)994940000000064214 100 $a19830609d1698 uy | 101 0 $aeng 135 $aurbn||||a|bb| 200 12$aA consolatory poem to the Right Honourable John Lord Cutts upon the death of his most accomplish'd lady$b[electronic resource] /$fby N. Tate 205 $aThe second edition. 210 $aLondon $cPrinted by R.R. for Henry Playford$d1698 215 $a9 p 300 $aReproduction of original in the Harvard University Library. 330 $aeebo-0062 700 $aTate$b Nahum$f1652-1715.$0709613 801 1$bEEU 801 2$bWaOLN 906 $aBOOK 912 $a996397459603316 996 $aA consolatory poem to the Right Honourable John Lord Cutts upon the death of his most accomplish'd lady$92346122 997 $aUNISA LEADER 02476nam0 22005173i 450 001 VAN0233935 005 20230606084601.118 017 70$2N$a9789811564673 100 $a20211105d2020 |0itac50 ba 101 $aeng 102 $aSG 105 $a|||| ||||| 200 1 $aProgress in Optomechatronics$eProceedings of the 20th International Symposium on Optomechatronic Technology (ISOT 2019), India$fIndrani Bhattacharya ?$bet al.] editors 210 $aSingapore$cSpringer$d2020 215 $axvii, 167 p.$cill.$d24 cm 410 1$1001VAN0132747$12001 $aSpringer Proceedings in Physics$1210 $aBerlin [etc.]$cSpringer$v249 500 1$3VAN0233936$aProgress in Optomechatronics : Proceedings of the 20th International Symposium on Optomechatronic Technology (ISOT 2019), India$92108069 606 $a00Bxx$xConference proceedings and collections of articles [MSC 2020]$3VANC021742$2MF 606 $a00A79 (77-XX)$xPhysics [MSC 2020]$3VANC023182$2MF 606 $a78A60$xLasers, masers, optical bistability, nonlinear optics [MSC 2020]$3VANC029030$2MF 610 $aAdaptive optics$9KW:K 610 $aImage-Based Manipulation$9KW:K 610 $aLight-Based Actuators$9KW:K 610 $aMicro-/Nano- Optomechanical Systems (MOEMS)$9KW:K 610 $aOptical Assembly$9KW:K 610 $aOptical Bioimaging$9KW:K 610 $aOptical Coherence Tomography$9KW:K 610 $aOptical Metrology$9KW:K 610 $aOptical Packaging$9KW:K 610 $aOptical Sensors$9KW:K 610 $aOptofluidics$9KW:K 610 $aPolarization Imaging$9KW:K 610 $aPolarization Sensing$9KW:K 610 $aVision-Based Manufacturing$9KW:K 620 $aSG$dSingapore$3VANL000061 702 1$aBhattacharya$bIndrani$3VANV107181 712 12$aInternational Symposium on Optomechatronic Technology$d20.$f2019$eGoa, India$3VANV194010 712 $aSpringer $3VANV108073$4650 801 $aIT$bSOL$c20240614$gRICA 856 4 $uhttp://doi.org/10.1007/978-981-15-6467-3$zE-book ? Accesso al full-text attraverso riconoscimento IP di Ateneo, proxy e/o Shibboleth 899 $aBIBLIOTECA DEL DIPARTIMENTO DI MATEMATICA E FISICA$1IT-CE0120$2VAN08 912 $fN 912 $aVAN0233935 950 $aBIBLIOTECA DEL DIPARTIMENTO DI MATEMATICA E FISICA$d08CONS e-book 4480 $e08eMF4480 20211105 996 $aProgress in optomechatronics$92108069 997 $aUNICAMPANIA